| 000 | 00620nam a2200229 a 4500 | ||
|---|---|---|---|
| 005 | 20140218114054.0 | ||
| 008 | 140114b1995 ck ||||| |||| 00| 0 spa d | ||
| 041 | _aspa | ||
| 044 | _ack | ||
| 090 |
_aLB _b00071 |
||
| 100 |
_aGaleano, Martha Patricia _93787 |
||
| 245 | _aGuía de las plantas del Parque Regional Natural de Ucumarí | ||
| 260 |
_aPereira _bCARDER _c1995 |
||
| 300 | _a133 p. | ||
| 650 |
_aInventarios _92832 |
||
| 650 |
_aVegetación _96559 |
||
| 650 |
_aGuía de campo _93764 |
||
| 650 |
_aPlantas _96560 |
||
| 650 |
_aBosque andino _93789 |
||
| 700 |
_aBernal, Rodrigo G. _93790 |
||
| 942 |
_cImpreso _2z |
||
| 999 |
_c92 _d92 |
||